000 00480nam a2200169Ia 4500
008 230718s9999 xx 000 0 und d
041 _aeng
082 _a004.6'5
_bPET
100 _aPeterson L.L.
_9108584
245 _aComputer networks
_bA Systems Approach
250 _a4th ed.
260 _c2009
_bMoragan Kaufmann Pub
300 _a806
365 _cRs.
_b425.00
700 _aPeterson L.L. & Davie B.S.
_9108585
906 _dO:0047719-Jan-2010B:226316-Dec-2009
_cIT
_b212.5
999 _c323635
_d323635